Państwa Świata - Cztery Minuty Sprintu - Statystyki

Ogólne statystyki
  • Ten quiz został rozwiązany 188 razy
  • Średni wynik to 100 z 196
Odpowiedzi na mapie
Odpowiedzi zakodowano w zielono-czerwonej skali na mapie do tego quizu, zgodnie z poniższymi procentami.
 
Statystyki odpowiedzi
Kraj % Poprawnych
Kanada
97%
Stany Zjednoczone
96%
Polska
93%
Rosja
93%
Meksyk
92%
Niemcy
92%
Francja
90%
Hiszpania
88%
Argentyna
86%
Brazylia
86%
Chiny
86%
Dania
86%
Szwecja
85%
Włochy
85%
Portugalia
83%
Ukraina
83%
Chile
82%
Litwa
82%
Islandia
81%
Łotwa
81%
Turcja
81%
Finlandia
80%
Norwegia
79%
Australia
78%
Estonia
78%
Indie
78%
Irlandia
78%
Peru
78%
Wielka Brytania
77%
Austria
76%
Czechy
76%
Egipt
76%
Białoruś
75%
Japonia
75%
Republika Południowej Afryki
75%
Iran
74%
Kolumbia
73%
Grecja
72%
Irak
72%
Oman
72%
Mongolia
71%
Słowacja
71%
Belgia
70%
Holandia
70%
Kazachstan
70%
Rumunia
70%
Szwajcaria
70%
Wenezuela
70%
Panama
69%
Boliwia
68%
Jemen
68%
Urugwaj
68%
Algieria
67%
Kuba
67%
Paragwaj
67%
Słowenia
67%
Maroko
66%
Serbia
64%
Węgry
64%
Demokratyczna Republika Konga
62%
Bośnia i Hercegowina
61%
Chorwacja
61%
Czad
61%
Haiti
61%
Libia
61%
Sudan
61%
Tunezja
61%
Albania
60%
Ekwador
60%
Surinam
60%
Gujana
59%
Bułgaria
58%
Indonezja
58%
Kosowo
58%
Madagaskar
58%
Niger
58%
Zjednoczone Emiraty Arabskie
58%
Pakistan
57%
Arabia Saudyjska
56%
Izrael
56%
Dominika
55%
Kostaryka
55%
Mali
55%
Malta
55%
Nigeria
55%
Wietnam
55%
Honduras
54%
Jamajka
54%
Kongo
54%
Mołdawia
53%
Dominikana
52%
Liban
52%
Monako
52%
Afganistan
50%
Andora
50%
Laos
50%
Nowa Zelandia
50%
San Marino
50%
Tajlandia
50%
Nepal
49%
Watykan
49%
Belize
48%
Cypr
48%
Kenia
48%
Korea Północna
48%
Korea Południowa
48%
Macedonia Północna
48%
Mjanma
48%
Czarnogóra
46%
Etiopia
46%
Bhutan
45%
Filipiny
45%
Gwatemala
45%
Katar
45%
Somalia
45%
Syria
45%
Angola
44%
Zambia
44%
Nikaragua
43%
Armenia
42%
Bahamy
42%
Gruzja
42%
Kambodża
42%
Malezja
42%
Salwador
42%
Luksemburg
41%
Togo
41%
Jordania
40%
Sri Lanka
40%
Kirgistan
39%
Liechtenstein
38%
Tajwan
38%
Kuwejt
37%
Mauretania
37%
Papua-Nowa Gwinea
37%
Liberia
36%
Namibia
36%
Republika Środkowoafrykańska
36%
Tadżykistan
36%
Uzbekistan
36%
Zimbabwe
36%
Kiribati
35%
Azerbejdżan
34%
Ghana
34%
Republika Zielonego Przylądka
34%
Fidżi
33%
Lesotho
33%
Mozambik
33%
Palau
33%
Tanzania
33%
Tonga
33%
Bangladesz
32%
Malediwy
32%
Turkmenistan
32%
Bahrajn
31%
Saint Lucia
31%
Wybrzeże Kości Słoniowej
31%
Nauru
30%
Samoa
30%
Barbados
28%
Saint Kitts i Nevis
28%
Saint Vincent i Grenadyny
28%
Senegal
28%
Seszele
28%
Antigua i Barbuda
27%
Benin
27%
Erytrea
27%
Eswatini
27%
Gwinea
27%
Sudan Południowy
27%
Uganda
27%
Vanuatu
27%
Botswana
26%
Grenada
25%
Singapur
25%
Brunei
24%
Kamerun
24%
Komory
24%
Dżibuti
23%
Malawi
23%
Mauritius
23%
Mikronezja
23%
Tuvalu
23%
Gambia
22%
Trynidad i Tobago
22%
Gabon
20%
Rwanda
20%
Burundi
17%
Sierra Leone
17%
Timor Wschodni
17%
Wyspy Świętego Tomasza i Książeca
17%
Burkina Faso
16%
Wyspy Marshalla
14%
Wyspy Salomona
14%
Gwinea Równikowa
12%
Gwinea Bissau
11%
Nie znaleziono quizów pasujących do podanych kryteriów
Rozkład punktacji
Procent ludzi z każdym wynikiem
Percentyl według liczby udzielonych odpowiedzi
Twoja historia wyników
Nie rozwiązałeś tego quizu